00558 a2200121 4500082001000000100002500010245011500035260008000150300003400230500009900264700001600363856005700379 aBEE-5 aMuhammad Javed Iqbal aModeling simulation fault analysis and harmonics mitigation of grid connedted wind farmscMuhammad Javed Iqbal aIslamabadbNUST School of Electrical Engineering and Computer Sciencec2012 a167p.b:ill.c:27cm.+eCD-ROM aSupervisors: Dr. Habib ur Rehman, Dr. Hossein Salehfar, Mr. Abid Mushtaq, Mr. Ammar Anwar Khan aRehana Aziz uhttp://10.250.8.41:8080/xmlui/handle/123456789/10821